The increase of ultrasound measurements accuracy with the use of two-frequency sounding; IOP Conference Series: Materials Science and Engineering; Vol. 81 : Radiation-Thermal Effects and Processes in Inorganic Materials
| Parent link: | IOP Conference Series: Materials Science and Engineering Vol. 81 : Radiation-Thermal Effects and Processes in Inorganic Materials.— 2015.— [012103, 6 p.] |
|---|---|
| Körperschaften: | , |
| Weitere Verfasser: | , , , , |
| Zusammenfassung: | Title screen In the article the new method for detection of the temporary position of the received echo signal is considered. The method consists in successive emission of sounded impulses on two frequencies and also the current study is concerned with the analysis of ultrasound fluctuation propagation time to and from the deflector on every frequency. The detailed description of the mathematical tool is presented in the article. The math tool used allows the authors to decrease the measurement error with help of calculations needed. Режим доступа: по договору с организацией-держателем ресурса |
| Sprache: | Englisch |
| Veröffentlicht: |
2015
|
| Schlagworte: | |
| Online-Zugang: | http://dx.doi.org/10.1088/1757-899X/81/1/012103 http://earchive.tpu.ru/handle/11683/14746 |
| Format: | MixedMaterials Elektronisch Buchkapitel |
| KOHA link: | https://koha.lib.tpu.ru/cgi-bin/koha/opac-detail.pl?biblionumber=643037 |
MARC
| LEADER | 00000nla2a2200000 4500 | ||
|---|---|---|---|
| 001 | 643037 | ||
| 005 | 20240207140014.0 | ||
| 035 | |a (RuTPU)RU\TPU\network\8025 | ||
| 035 | |a RU\TPU\network\8024 | ||
| 090 | |a 643037 | ||
| 100 | |a 20150827a2015 k y0engy50 ba | ||
| 101 | 0 | |a eng | |
| 102 | |a GB | ||
| 105 | |a y z 100zy | ||
| 135 | |a drgn ---uucaa | ||
| 181 | 0 | |a i | |
| 182 | 0 | |a b | |
| 200 | 1 | |a The increase of ultrasound measurements accuracy with the use of two-frequency sounding |f Yu. V. Shulgina [et al.] | |
| 203 | |a Text |c electronic | ||
| 300 | |a Title screen | ||
| 320 | |a [References: 5 tit.] | ||
| 330 | |a In the article the new method for detection of the temporary position of the received echo signal is considered. The method consists in successive emission of sounded impulses on two frequencies and also the current study is concerned with the analysis of ultrasound fluctuation propagation time to and from the deflector on every frequency. The detailed description of the mathematical tool is presented in the article. The math tool used allows the authors to decrease the measurement error with help of calculations needed. | ||
| 333 | |a Режим доступа: по договору с организацией-держателем ресурса | ||
| 337 | |a Adobe Reader | ||
| 461 | 1 | |0 (RuTPU)RU\TPU\network\2008 |t IOP Conference Series: Materials Science and Engineering | |
| 463 | 1 | |0 (RuTPU)RU\TPU\network\7891 |t Vol. 81 : Radiation-Thermal Effects and Processes in Inorganic Materials |o International Scientific Conference, 3-8 November 2014, Tomsk, Russia |o [proceedings] |v [012103, 6 p.] |d 2015 | |
| 610 | 1 | |a электронный ресурс | |
| 610 | 1 | |a труды учёных ТПУ | |
| 610 | 1 | |a ультразвуковые измерения | |
| 610 | 1 | |a эхо-сигналы | |
| 610 | 1 | |a временное положение | |
| 701 | 1 | |a Shulgina |b Yu. V. |c specialist in the field of electronics |c engineer Tomsk Polytechnic University |f 1987- |g Yulia Viktorovna |3 (RuTPU)RU\TPU\pers\33688 | |
| 701 | 1 | |a Soldatov |b A. I. |c specialist in the field of electronics |c Professor of Tomsk Polytechnic University, doctor of technical Sciences |f 1958- |g Aleksey Ivanovich |3 (RuTPU)RU\TPU\pers\31243 |9 15438 | |
| 701 | 1 | |a Rozanova |b Ya. V. |c Linguist |c Senior Lecturer of Tomsk Polytechnic University |f 1983- |g Yana Viktorovna |3 (RuTPU)RU\TPU\pers\34040 |9 17604 | |
| 701 | 1 | |a Soldatov |b A. A. |c specialist in the field of electronics |c engineer, Senior Lecturer of Tomsk Polytechnic University, candidate of technical Sciences |f 1988- |g Andrey Alekseevich |3 (RuTPU)RU\TPU\pers\35417 |9 18625 | |
| 701 | 1 | |a Shulgin |b E. M. | |
| 712 | 0 | 2 | |a Национальный исследовательский Томский политехнический университет (ТПУ) |b Институт неразрушающего контроля (ИНК) |b Кафедра промышленной и медицинской электроники (ПМЭ) |3 (RuTPU)RU\TPU\col\18719 |
| 712 | 0 | 2 | |a Национальный исследовательский Томский политехнический университет (ТПУ) |b Институт кибернетики (ИК) |b Кафедра иностранных языков института кибернетики (ИЯИК) |3 (RuTPU)RU\TPU\col\18707 |
| 801 | 2 | |a RU |b 63413507 |c 20161212 |g RCR | |
| 856 | 4 | |u http://dx.doi.org/10.1088/1757-899X/81/1/012103 | |
| 856 | 4 | |u http://earchive.tpu.ru/handle/11683/14746 | |
| 942 | |c CF | ||